| 000 -LEADER |
| fixed length control field |
01525nam a2200181 4500 |
| 008 - FIXED-LENGTH DATA ELEMENTS--GENERAL INFORMATION |
| fixed length control field |
190817b ||||| |||| 00| 0 eng d |
| 100 ## - MAIN ENTRY--PERSONAL NAME |
| Personal name |
Panizza, Francisco |
| 245 ## - TITLE STATEMENT |
| Title |
Roles, trust and skills: a typology of patronage appointments |
| 260 ## - PUBLICATION, DISTRIBUTION, ETC. (IMPRINT) |
| Date of publication, distribution, etc |
2019 |
| 300 ## - PHYSICAL DESCRIPTION |
| Extent |
p.147-161. |
| 520 ## - SUMMARY, ETC. |
| Summary, etc |
This article contributes to the study of the politics of patronage appointments by creating a typology of patronage roles based on the nature of trust between patrons and appointees and on the skills patrons seek in appointees. Our classification brings together the dispersed literature on patronage roles and can be applied to the study of modalities of patronage across and within countries. We offer preliminary evidence from our study of the politics of patronage appointments in Latin America suggesting that variations in patronage roles can be related to variations in the institutionalization of party systems and to the nature of the links between political actors and voters. Finally, we explore whether the categories identified in our empirical study can be found in other settings. We conclude that our typology can contribute to the study of the impact of modalities of patronage on the quality of public administration and on political governability. - Reproduced. |
| 650 ## - SUBJECT ADDED ENTRY--TOPICAL TERM |
| Topical term or geographic name as entry element |
Personnel, Public - Recruitment |
| 9 (RLIN) |
8462 |
| 700 ## - ADDED ENTRY--PERSONAL NAME |
| Personal name |
Peters, B. Guy |
| 9 (RLIN) |
8463 |
| 700 ## - ADDED ENTRY--PERSONAL NAME |
| Personal name |
Larraburu, Conrado R. Ramos |
| 9 (RLIN) |
8464 |
| 773 ## - HOST ITEM ENTRY |
| Main entry heading |
Public Administration |
| 906 ## - LOCAL DATA ELEMENT F, LDF (RLIN) |
| Subject DIP |
Personnel, Public - Selection |
| 942 ## - ADDED ENTRY ELEMENTS (KOHA) |
| Source of classification or shelving scheme |
|
| Item type |
Articles |